| 000 | 00435nam a2200169Ia 4500 | ||
|---|---|---|---|
| 008 | 220805s9999 xx 000 0 und d | ||
| 020 | _a978-84-92796-77-9 | ||
| 041 | _aeng | ||
| 082 | _a721.044 | ||
| 100 |
_aKottas, Dimitris _988438 |
||
| 260 |
_aSpain _bLinks |
||
| 245 | _aMaterials Innovation and Design | ||
| 250 | _a14 | ||
| 300 | _a238 | ||
| 650 |
_aArchitecture design _988439 |
||
| 650 |
_aBuilding material techique _988440 |
||
| 999 |
_c48678 _d48678 |
||